000 00288nam a22001337a 4500
008 170519b xxu||||| |||| 00| 0 eng d
020 _a0679724672
041 _aeng
080 _22ND
_a94
100 _a16
101 _aSHH
245 _aTHE BLACK JACOBINS
_cJAMES,G.L
942 _2udc
_cBK
999 _c13566
_d13566